Hacia el control integrado de plagas /
Guardado en:
| Autor Principal: | |
|---|---|
| Formato: | Libro |
| Publicado: |
Buenos Aires :
Hemisferio Sur,
1990
|
| Materias: | |
| Etiquetas: |
Agregar Etiqueta
Sin Etiquetas, Sea el primero en etiquetar este registro!
|
| LEADER | 00507nam a22001695a 4500 | ||
|---|---|---|---|
| 001 | CEM.cems016704 | ||
| 005 | 20151111172937.0 | ||
| 008 | 130507s1990##################000#0#####d | ||
| 003 | CEMS | ||
| 082 | 0 | 4 | |a 632.9 |
| 100 | 1 | |a Vigiani Alberto Rene | |
| 245 | 1 | 0 | |a Hacia el control integrado de plagas / |c Alberto Rene Vigiani, |
| 260 | |a Buenos Aires : |b Hemisferio Sur, |c 1990 | ||
| 300 | |a 124 p. | ||
| 653 | |a Plagas-control | ||
| 653 | |a Malezas-control | ||
| 859 | |a CEMS |b BIB. CEMS - Agricultura |h 632.9 |i V682A2 |p A16910.93 |t Ej.1 | ||
